000 00271nam a2200121 a 4500
003 0
005 20240731121743.0
008 030502s19uu xx 00 eng d
050 _aVHS 400
_bR 01
245 _aFrench day celebration.
942 _cAVM
_2lcc
999 _c108528
_d108528